Les merveilles naturelles à travers le monde - Statistiques

Statistiques générales
  • Ce quiz a été pris 273 fois
  • Le résultat moyen est 4 sur 23
Statistiques - réponses
Par images Hint Réponse % Correct
Australie Grande barrière de corail
81%
Tanzanie Kilimandjaro
64%
Zambie/Zimbabwe Chutes Victoria
49%
Australie Uluru
43%
Vietnam Baie d'Along
39%
Argentine/Brésil Chutes d'Iguazú
33%
Suisse Mont Cervin
30%
Irlande du Nord Chaussée des Géants
27%
Venezuela Salto Ángel
11%
Turquie Pamukkale
8%
Mauritanie L'Oeil de l'Afrique / Structure de Richat
7%
Philippines Chocolate Hills
6%
Chili Torres del Paine
6%
Etats-Unis Devils Tower
4%
Turquie Cheminées de fée
3%
Etats-Unis Delicate Arch
3%
Venezuela/Guyana/Brésil Mont Roraima
3%
Madagascar Tsingy de Bemaraha
2%
Chine Zhangye Danxia
2%
Mexique Ik Kil
1%
Chine Monts Tianzi
0%
Etats-Unis (Hawaï) Na Pali
0%
Nouvelle-Zélande Piopiotahi
0%
Aucun quiz correspondant
Distribution des résultats
% des personnes avec chaque résultat
Percentile par nombre de réponses
Votre historique - résultats
Vous n’avez pas pris ce quiz